000 00731nam a2200289Ia 4500
005 20260324121059.0
008 008 260324s9999 xx 000 0 eng d
020 _a9780203111468
037 _aEBOOK
040 _aCRL
040 _beng
040 _cCRL
041 _2eng
041 _aeng
084 _qCRL
100 _aArno Haslberger; Thomas Hippler; Chris Brewster
_91161116
245 0 _aManaging Performance Abroad
245 2 _bA New Model for Understanding Expatriate Adjustment
260 _bTaylor and Francis
260 _c2014
365 _a
365 _b255
856 _uhttp://www.taylorfrancis.com/books/9780203111468
942 _cEBOOK
999 _c1752988
_d1752988